| 000 | 00499nam a2200169 a 4500 | ||
|---|---|---|---|
| 005 | 20210219151146.0 | ||
| 008 | 991125s1955 mx 000 0 spa u | ||
| 035 | _aUPN01000028527 | ||
| 049 | _aC | ||
| 050 | 4 | _aG1037 H592 | |
| 245 | 0 | 0 |
_aHistoria y atlas de la guerra : _b1939-1945 : su desarrollo _bsu desarrollo |
| 260 |
_aMéxico : _bLibros y Revistas, _c1955 |
||
| 300 |
_a32 p. : _bmapas, pleg., co |
||
| 650 | 4 |
_aGUERRA MUNDIAL,- _y1939-1945 - _vMAPAS |
|
| 904 |
_aAC _b028528 |
||
| 905 | _aLibro | ||
| 999 |
_c28527 _d28527 |
||